LEADER 00923nam a2200253 i 4500 001 000000067613 003 CaOOAMICUS 005 20240131121257.0 008 990326s1997 it u000 u ita u 020 $a8817845434 040 $aSeMil$bita 100 1 $aBiagi, Enzo,$d<1920-2007>.$0(OLS)http://semarc/name/5222 245 10$aScusate, dimenticavo /$cEnzo Biagi. 250 $a2. ed. 264 1$aMilano :$bRAI-ERI,$c1997. 300 $a187 p. ;$c23 cm 650 4$aGiornalismo - Diari e memorie.$0(OLS)http://semarc/subject/20393 850 $aSeMil 852 $aSeMil$W1$xVenegono$y1$m3M IV 337$j256716$B33766$CSeMilBibl$Z2$F33769 $81 961 $aOmaggio: Patti mons. Francesco 996 $6020$a8817845434$9(OLS)http://semarc/number/45619 996 $6245$aScusate, dimenticavo$9(OLS)http://semarc/title/107746 996 $6264$aMilano :$bRAI-ERI$9(OLS)http://semarc/publisher/51811 LEADER 01042nam a2200277 i 4500 001 000000108065 003 CaOOAMICUS 005 20060222000000.0 008 060222s1966 it u000 u ita u 013 $a80630 040 $aSeMil$bita 100 1 $aBrandi, Cesare <1906-1988>.$0(OLS)http://semarc/name/18473 245 13$aLe due vie /$cCesare Brandi. 260 $aBari :$bLaterza,$c1966. 300 $a194 p. ;$c22 cm. 490 0 $aBiblioteca di cultura moderna ;$v625 500 $aContiene : Appendici. - Fondo Ciprandi. 650 4$aArte - Critica.$0(OLS)http://semarc/subject/10402 650 4$aArte - Sec. 20.$0(OLS)http://semarc/subject/3227 830 0$aBiblioteca di cultura moderna ;$v625.$0(OLS)http://semarc/title/639 850 $aSeMil 852 $aSeMil$W1$xVenegono$y1$m5K XVI 32$j64161$B64161$CSeMilBibl$Z2$F109178 $81 941 1 $a1 961 $aOmaggio: Ciprandi dott. Paolo 996 $6245$aLe due vie$9(OLS)http://semarc/title/156619 996 $6260$aBari :$bLaterza$9(OLS)http://semarc/publisher/29858